00952nam a2200241 i 4500001000300000003000900003005001700012008003900029040004800068046000900116080001300125245016800138250004900306260004600355300002600401380001700427650002500444658003700469650003000506700004400536710003200580856009800612bgKOSZ 00520200930121933.0080820s1968 pl f 000 0 pol aWA NcKOSZ 005/RWdKOSZ 005/RWdKOSZ 005/HR k1968 a343(438)00aKodeks karny i prawo o wykroczeniach wraz ze skorowidzem rzeczowym :bważniejsze ustawy szczególne /c[akty prawne zebrała i oprac. Maria Kazimiera Piasecka]. aWyd. 15, stan prawny na dzień 1 II 1968 r. aWarszawa :bWydawnictwo Prawnicze,c1968. a730, [2] s. ;c15 cm. aKsiążki. 4aPrawo karnezPolska. aPrawo i wymiar sprawiedliwości 4aPrawo wykroczeńzPolska1 aPiasecka, Maria Kazimiera.eOpracowanie2 aWydawnictwo Prawnicze4pbl. uhttp://koha.tu.koszalin.pl/cgi-bin/koha/opac-detail.pl?biblionumber=11299yKatalog online BPK